Представление документа в формате MARC21

Поле Инд. ПП Название Значение
Тип записи a
Библиографический уровень m
001 Контрольный номер 095c14ab60cf4c1bbbda0cb6863a3f4a
005 Дата корректировки 20251015112210.9
020 a ISBN 978-5-09-123946-1
040 a Служба первич. каталог. НБ ТвГУ
b Код языка каталог. rus
e Правила каталог. PSBO
041 0_ a Код языка текста rus
080 a Индекс УДК 94(100)(075.3)
084 a Индекс другой классификации/Индекс ББК Т3(0)5я721-1
090 a Полочн. индекс Т3(0)5
x Авторский знак М 42
097 b Оператор Semenova.ZR
100 1_ a Автор Мединский Владимир Ростиславович
e Роль лиц Автор
245 10 a Заглавие Всеобщая история. История Нового времени XIX-начало XX в.9 класс
b Продолж. заглавия учебник
c Ответственность В. Р. Мединский, А. О. Чубарьян ; Министерство просвещения Российской Федерации
246 03 a Другая форма заглавия История. Всеобщая история. История Нового времени XIX-XX в. 9 класс
246 03 a Другая форма заглавия История Нового времени XIX-начало XX в.
260 c Дата издания 2025
a Место издания Москва
b Издательство Просвещение
300 a Объем 288 с.
b Иллюстрации/ тип воспроизводства ил., цв. ил. карты
520 0_ a Аннотация Учебник разработан в соответствии с актуальными требованиями Федерального государственного образовательного стандарта основного общего образования и Федеральной образовательной программы основного общего образования. В учебнике освещены основные события всеобщей истории Нового времени XIX - начала XX в., большое значение уделено вопросам интеграции событий отечественной и зарубежной истории. Представленные в учебнике вопросы и задания нацелены на подготовку к промежуточной и итоговой аттестации. Значительное место в учебнике занимают материалы по истории духовной жизни общества, культуры и повседневности. Главным результатом изучения курса должно стать формирование у обучающихся целостной картины российской и мировой истории, понимание места России в мире, вклада ее народов и культуры в общую историю, а также определение личностной позиции к прошлому и настоящему Отечества.
653 0_ a Ключевые слова Всеобщая история
a Ключевые слова Всеобщая история
a Ключевые слова История Нового времени
a Ключевые слова 19-20 вв.
a Ключевые слова Новое время
a Ключевые слова Учебники для средней школы
a Ключевые слова 9 класс
700 12 a Другие авторы Чубарьян Александр Оганович
e Роль лиц Автор
901 t Тип документа m
920 a Оператор Семен
a Оператор Петр
930 a Новая/Ретро новая
952 c Вид литературы К ру
954 b Дата поступления в ОК 20251008
a Дата поступления на обработку 20251015
c Дата окончания ОНО 20251015